000 00455nam a2200157 a 4500
001 000012894
005 20200929163108.0
008 091118s1948 dr 001 0 spa d
040 _aDO-SdBNP
_bspa
_cBNPHu
082 _axxxx
_bP424g
100 1 _aPepper, José Vicente
_99263
245 1 3 _aLa gran emboscada /
_cJosé Vicente Pepper.
260 _aCiudad Trujillo, República Dominicana,
_c1948.
300 _aVirgilio Montalvo ;
_c24 cm.
049 _aBNPD
999 _c12542
_d12542